Kỹ thuật sản xuất giống và nuôi cá chạch lấu, cá chạch lửa
Sách nghiên cứu đặc điểm sinh học, sản xuất giống và kỹ thuật nuôi thương phẩm cá chạch lấu và cá chạch lửa giúp người nuôi nắm được các kỹ thuật nuôi cá chạch mang lại giá trị kinh tế cao.
Đã lưu trong:
| 主要作者: | |
|---|---|
| 格式: | 图书 |
| 语言: | Undetermined |
| 出版: |
Hà Nội
Nông nghiệp
2017
|
| 主题: | |
| 标签: |
添加标签
没有标签, 成为第一个标记此记录!
|
| Thư viện lưu trữ: | Trung tâm Học liệu Trường Đại học Cần Thơ |
|---|
| LEADER | 00977nam a2200205Ia 4500 | ||
|---|---|---|---|
| 001 | CTU_230861 | ||
| 008 | 210402s9999 xx 000 0 und d | ||
| 020 | |c 28000 | ||
| 082 | |a 639.311 | ||
| 082 | |b Kh107 | ||
| 088 | |a 606270 | ||
| 100 | |a Phạm, Văn Khánh | ||
| 245 | 0 | |a Kỹ thuật sản xuất giống và nuôi cá chạch lấu, cá chạch lửa | |
| 245 | 0 | |c Phạm Văn Khánh, Đặng Văn Trường, Nguyễn Văn Hiệp | |
| 260 | |a Hà Nội | ||
| 260 | |b Nông nghiệp | ||
| 260 | |c 2017 | ||
| 520 | |a Sách nghiên cứu đặc điểm sinh học, sản xuất giống và kỹ thuật nuôi thương phẩm cá chạch lấu và cá chạch lửa giúp người nuôi nắm được các kỹ thuật nuôi cá chạch mang lại giá trị kinh tế cao. | ||
| 650 | |a Freshwater fishes,Cá nước ngọt | ||
| 980 | |a Trung tâm Học liệu Trường Đại học Cần Thơ | ||